Fifth International Sakharov Hearing : proceedings, April 1985 /

Bibliographic Details
Corporate Author: International Sakharov Hearings London, England
Other Authors: Wynn, Allan
Format: Conference Proceeding Book
Language:English
Published: London : A. Deutsch, 1986.
Subjects:

MARC

Tag First Indicator Second Indicator Subfields
LEADER 00000cam a2200000 a 4500
001 in00000012767
005 20151007051910.0
008 871218s1986 enk b 10100 eng d
020 |a 0233980512 
035 |a (OCoLC)17256928 
035 |9 AAA5343AM 
040 |a FDA  |c FDA  |d TXA  |d UtOrBLW 
049 |a TXAM  |c [A11025989] 
050 4 |a JC599.S58  |b I57 1985 
111 2 |a International Sakharov Hearings  |n (5th :  |d 1985 :  |c London, England) 
245 1 0 |a Fifth International Sakharov Hearing :  |b proceedings, April 1985 /  |c edited by Allan Wynn ; associate editors, Martin Dewhirst, Harold Stone. 
264 1 |a London :  |b A. Deutsch,  |c 1986. 
300 |a 214 pages ;  |c 22 cm. 
336 |a text  |b txt  |2 rdacontent 
337 |a unmediated  |b n  |2 rdamedia 
338 |a volume  |b nc  |2 rdacarrier 
504 |a Includes bibliographical references and index. 
650 0 |a Civil rights  |z Soviet Union  |x Congresses. 
650 0 |a Dissenters  |z Soviet Union  |x Congresses. 
700 1 |a Wynn, Allan. 
999 |a MARS 
999 f f |s c5c75467-090d-32b4-b6c4-2b49d10f2074  |i 82613ee4-645e-3f41-9d92-56aa7d766ae2  |t 0 
952 f f |p ric  |a Texas A&M University  |b Rellis Campus  |c Joint Library Facility  |d Remote Storage  |t 0  |e JC599.S58 I57 1985  |h Library of Congress classification  |i unmediated -- volume  |m A14811025989 
998 f f |a JC599.S58 I57 1985  |t 0  |l Remote Storage